[Event "Nancy Rapid 19th"]
[Site "Nancy"]
[Date "2021.10.24"]
[Round "3"]
[White "Kopylov, Michael"]
[Black "Dillenschneider, Ernesto"]
[Result "1-0"]
[WhiteElo "2379"]
[BlackElo "2001"]
[PlyCount "39"]
[EventDate "2021.10.24"]
[EventType "swiss (rapid)"]
[EventRounds "9"]
[EventCountry "FRA"]
[SourceTitle "CBM 204 Extra"]
[Source "ChessBase"]
[SourceDate "2021.11.30"]
[SourceVersion "1"]
[SourceVersionDate "2021.11.30"]
[SourceQuality "1"]

1. d4 Nf6 2. c4 e6 3. g3 d5 4. Bg2 Be7 5. Nf3 0-0 6. 0-0 dxc4 7. Qa4 a6 8. Qxc4 b5 9. Qc2 Bb7 10. Bg5 Nbd7 11. Bxf6 Nxf6 12. Nbd2 Rc8 13. Nb3 Be4 14. Qc3 Qd5 15. Rac1 Rfd8 16. Nh4 Bxg2 17. Nxg2 Ne4 18. Qa5 Qa8 19. Rxc7 Bb4 20. Rxc8 1-0

[Event "Europe Echecs online op April"]
[Site "Europe Echecs INT"]
[Date "2020.04.11"]
[Round "8"]
[White "Bonells, Jorge"]
[Black "Dillenschneider, Ernesto"]
[Result "0-1"]
[WhiteElo "1658"]
[BlackElo "2080"]
[PlyCount "122"]
[EventDate "2020.04.11"]
[EventType "swiss (blitz)"]
[EventRounds "11"]
[EventCountry "FRA"]
[SourceTitle "EXT 2021"]
[Source "ChessBase"]
[SourceDate "2020.10.23"]
[SourceVersion "1"]
[SourceVersionDate "2020.10.23"]
[SourceQuality "1"]

1. e4 c5 2. f4 g6 3. Nf3 Bg7 4. Bc4 e6 5. c3 Ne7 6. 0-0 0-0 7. d4 d5 8. Bd3 dxe4 9. Bxe4 cxd4 10. cxd4 Nbc6 11. Be3 Nd5 12. Bxd5 Qxd5 13. Nc3 Qa5 14. Ne5 Qb6 15. Qd2 Rd8 16. Qf2 Qc7 17. Rac1 Nxe5 18. fxe5 Qe7 19. Ne4 Bd7 20. Nd6 Bc6 21. Qxf7+ Qxf7 22. Nxf7 Rf8 23. Nd6 Bd5 24. a3 Rxf1+ 25. Kxf1 Rf8+ 26. Kg1 a6 27. Rc7 Bc6 28. Nxb7 Bxb7 29. Rxb7 Rc8 30. Rb6 Rc2 31. Rxe6 Rxb2 32. Rxa6 Rb3 33. Kf2 Rb2+ 34. Kf3 Rb3 35. Ra7 Bh6 36. Ra8+ Kf7 37. Ra7+ Ke6 38. Ra6+ Ke7 39. Ra7+ Ke6 40. Ra6+ Kd5 41. Rd6+ Kc4 42. Rc6+ Kb5 43. Rc5+ Kb6 44. e6 Rxe3+ 45. Kf2 Rxe6 46. Re5 Rxe5 47. dxe5 Bg7 48. e6 Kc6 49. Ke3 Kd6 50. Kd3 Kxe6 51. Kc4 Kf5 52. a4 Ke4 53. Kb5 Ke3 54. a5 Kf2 55. Kc4 Bh6 56. a6 Be3 57. g4 Kf3 58. h3 Kg3 59. Kd3 Ba7 60. Kc4 Kxh3 61. Kb5 Kxg4 0-1

[Event "Europe Echecs online op April"]
[Site "Europe Echecs INT"]
[Date "2020.04.11"]
[Round "5"]
[White "Dillenschneider, Ernesto"]
[Black "Navrotescu, Catalin"]
[Result "1/2-1/2"]
[WhiteElo "2080"]
[BlackElo "2339"]
[PlyCount "86"]
[EventDate "2020.04.11"]
[EventType "swiss (blitz)"]
[EventRounds "11"]
[EventCountry "FRA"]
[SourceTitle "EXT 2021"]
[Source "ChessBase"]
[SourceDate "2020.10.23"]
[SourceVersion "1"]
[SourceVersionDate "2020.10.23"]
[SourceQuality "1"]

1. d4 f5 2. Bg5 g6 3. Nd2 Bg7 4. e4 fxe4 5. Nxe4 d5 6. Ng3 Nf6 7. Bd3 Nc6 8. Qe2 Nxd4 9. Qe5 Nc6 10. Qe2 0-0 11. 0-0-0 e5 12. h4 Qe8 13. h5 e4 14. Bb5 Bg4 15. f3 exf3 16. Nxf3 Qxe2 17. Bxe2 Rad8 18. hxg6 hxg6 19. Nh4 Bxe2 20. Nxe2 Ne5 21. Nf4 Rd6 22. Nhxg6 Nxg6 23. Nxg6 Re8 24. Bxf6 Bxf6 25. Kb1 Re2 26. Nf4 Rf2 27. Nxd5 Bg7 28. Nxc7 Rc6 29. Rd8+ Kf7 30. Rd7+ Kg6 31. Rc1 Rxg2 32. Ne8 Be5 33. Rxb7 a5 34. Rb5 Bh8 35. Rxa5 Re2 36. Ra8 Be5 37. a4 Rb6 38. b3 Rxb3+ 39. cxb3 Rb2+ 40. Ka1 Rc2+ 41. Kb1 Rb2+ 42. Ka1 Rc2+ 43. Kb1 Rb2+ 1/2-1/2

[Event "Europe Echecs online op April"]
[Site "Europe Echecs INT"]
[Date "2020.04.11"]
[Round "2"]
[White "Guseinov, Gadir"]
[Black "Dillenschneider, Ernesto"]
[Result "1-0"]
[WhiteElo "2667"]
[BlackElo "2080"]
[PlyCount "61"]
[EventDate "2020.04.11"]
[EventType "swiss (blitz)"]
[EventRounds "11"]
[EventCountry "FRA"]
[SourceTitle "EXT 2021"]
[Source "ChessBase"]
[SourceDate "2020.10.23"]
[SourceVersion "1"]
[SourceVersionDate "2020.10.23"]
[SourceQuality "1"]

1. e4 c5 2. Nc3 g6 3. d4 cxd4 4. Qxd4 Nf6 5. Nf3 Nc6 6. Qa4 Bg7 7. e5 Ng8 8. Bf4 f6 9. exf6 Nxf6 10. 0-0-0 0-0 11. Bc4+ Kh8 12. Rhe1 Qa5 13. Qxa5 Nxa5 14. Bb3 Nh5 15. Bg5 e6 16. Be7 Rf7 17. Bd6 Nxb3+ 18. axb3 Bh6+ 19. Kb1 Nf4 20. Ne5 Rf5 21. g4 Rf6 22. Ne4 Rf8 23. g5 Bg7 24. Bxf8 Bxf8 25. Nxd7 Bxd7 26. Rxd7 b6 27. Nf6 Bg7 28. Re4 Nd5 29. Rxe6 Nxf6 30. gxf6 Bh6 31. Ree7 1-0

[Event "FRA-ch U20"]
[Site "Belfort"]
[Date "2017.04.17"]
[Round "3"]
[White "Dillenschneider, Ernesto"]
[Black "Lamard, Guillaume"]
[Result "0-1"]
[WhiteElo "2037"]
[BlackElo "2307"]
[PlyCount "60"]
[EventDate "2017.04.16"]
[EventType "swiss"]
[EventRounds "9"]
[EventCountry "FRA"]
[SourceTitle "CBM 177 Extra"]
[Source "ChessBase"]
[SourceDate "2017.04.27"]
[SourceVersion "1"]
[SourceVersionDate "2017.04.27"]
[SourceQuality "1"]

1. d4 d6 2. c4 e5 3. Nf3 exd4 4. Nxd4 g6 5. g3 Bg7 6. Bg2 Ne7 7. Nc3 0-0 8. Bg5 h6 9. Be3 a6 10. Qd2 Kh7 11. Rd1 Nd7 12. h3 Rb8 13. b3 Nf6 14. g4 Bd7 15. a4 Nc6 16. Nd5 Re8 17. 0-0 Ne4 18. Qc2 Ng5 19. Nf4 Ne5 20. Bc1 c5 21. Nf3 Ngxf3+ 22. exf3 Bc6 23. Nh5 Bh8 24. Qd2 gxh5 25. Qxh6+ Kg8 26. Rxd6 Qe7 27. Bb2 Bg7 28. Qd2 Rbd8 29. Rxd8 Rxd8 30. Qe3 Nxf3+ 0-1